=LDR 00000nam 2200000 4500 =001 INLIS000000000026036 =005 20130612124512 =008 ***********************************ind** =035 ##$$0010-061300000026036 =041 ##$$a ind =082 ##$$a 796.334 =090 ##$$a 796.334, SUD p =100 ##$$a Sudrajat, Dadang =245 ##$$a Pemain top dunia, Dadang Sudrajat =260 ##$$a 2004 $b Jakarta =300 ##$$a xx, 322, ilus., 23 cm =650 ##$$a Sepak Bola =650 ##$$a Tokoh =850 ##$$a NBPNMAT